| 000 | 00553nam a2200229Ia 4500 | ||
|---|---|---|---|
| 003 | IT-RoPAU | ||
| 008 | 120407s9999 xx 000 0 und d | ||
| 040 | _aIT-RoPAU | ||
| 040 | _cIT-RoPAU | ||
| 041 | _aita | ||
| 100 | _aJean-Jacques Rousseau | ||
| 245 | _aDiscorso sull’origine e i fondamenti dell’ineguaglianza tra gli uomini. | ||
| 250 | _aRoma | ||
| 260 | _aEditori Riuniti | ||
| 260 | _c1975 | ||
| 300 | _a231 p. | ||
| 300 | _c22 cm | ||
| 490 | _aBiblioteca del pensiero moderno | ||
| 490 | _v1 | ||
| 942 | _cBK | ||
| 999 |
_c29643 _d29643 |
||